000 00390nam a22001457a 4500
999 _c1354
_d1354
008 200122b ||||| |||| 00| 0 eng d
082 0 0 _a623.81
_bA984
100 _9959
_aAyre, A. L.
245 1 0 _aTheory and design of British ship buiding
_cby A L Ayre
260 _aSunderland
_bThomas Reed and Co.
_c1950
300 _a162p.
365 _d4.08
650 0 _aNaval Architecture
942 _cBK